| 000 | 00365nam a2200157Ia 4500 | ||
|---|---|---|---|
| 003 | OSt | ||
| 005 | 20231211061833.0 | ||
| 008 | 170524s9999 xx 000 0 und d | ||
| 020 | _a81-7835-003-3 | ||
| 040 | _cIIMT UNIVERSITY | ||
| 100 | _aRajendra Singh | ||
| 245 | 0 | _aHotel and hospitality Management | |
| 260 | _bKlpaz Pub. | ||
| 260 | _c2000 | ||
| 942 |
_2ddc _c02 |
||
| 999 |
_c6956 _d6956 |
||